000 00562nam a22001817a 4500
005 20251118141256.0
010 _aENG-147081
020 _a9789357319713
_c399.00
035 _aEN-130613
037 _bDBAD
082 _a000
_21
245 _aHachette Children's Yearbook & Infopedia 2026
260 _aGurugram
_bHachette Book Publishing India Pvt.Ltd
_c2025
270 _a4th&5th Floors ,Corporate centre Plot No.94,Sector 44,
_bGurugram
_e122003
300 _a224p.
_c21.5cm(Pb)
_bIndex
760 _b1
942 _2ddc
_cEN
_h000
_mHAC
_e1
999 _c213780
_d213780